| 000 | 00638nam a2200217 a 4500 | ||
|---|---|---|---|
| 001 | 1583 | ||
| 003 | CO-ViMGA | ||
| 008 | 141112s2004 ck r 000 u spa d | ||
| 040 |
_aCO-ViMGA _bspa _cCO-ViMGA |
||
| 082 | 0 | 4 | _a102 G172fi |
| 100 | 1 | _aGarcía Ortiz, Fabio | |
| 245 | 1 | 0 |
_aPensemos 10 : _bFilosofia, educación media vocacional / _cGarcía Ortiz Fabio , de la Parra Francesca |
| 250 | _a9a | ||
| 260 |
_aBogotá ; Voluntad, _c1989 |
||
| 300 | _a176 p : il | ||
| 490 | _aPensemos 10 | ||
| 505 | _aFilosofia 10, Filosofía educación media vocacional | ||
| 590 | _aEjemplares : 01 | ||
| 650 | 1 | 4 | _aFILOSOFIA |
| 942 |
_2ddc _cBK |
||
| 999 |
_c13764 _d13764 |
||